Aux compagnons de la femme : chant /

Bibliographic Details
Main Author: Vinçard, Jules
Format: eBook
Language:French
Published: [France] : [publisher not identified], [1833?]
Series:Making of the modern world (Goldsmiths'-Kress Library of Economic Literature)
Subjects:
Online Access:Connect to the full text of this electronic book

MARC

Tag First Indicator Second Indicator Subfields
LEADER 00000cam a2200000Ia 4500
001 in00002293313
005 20190326192037.0
006 m | d |
007 cr |n||||||||n
008 880830s1833 fr s 000 1 fre d
040 |a NYG  |c GKR  |d OCL  |d Thomson Gale  |d UtOrBLW 
043 |a e-fr--- 
100 1 |a Vinçard, Jules. 
245 1 0 |a Aux compagnons de la femme :  |b chant /  |c paroles de Vincard. 
264 1 |a [France] :  |b [publisher not identified],  |c [1833?] 
264 3 |a Lyon :  |b J. Perret 
300 |a 3 pages 
336 |a text  |b txt  |2 rdacontent 
337 |a computer  |b c  |2 rdamedia 
338 |a online resource  |b cr  |2 rdacarrier 
500 |a Caption title. 
500 |a A song. 
500 |a Reproduction of original from Goldsmiths' Library, University of London. 
500 |a Goldsmiths'-Kress number 28390. 
510 4 |a OCLC,  |c 18425824 
533 |a Electronic reproduction.  |b Farmington Hills, Mich. :  |c Thomson Gale,  |d 2005.  |f (The making of the modern world).  |n Available via the World Wide Web.  |n Access limited to licensing agreements.  |7 s2005 miunns 
500 |a Electronic resource. 
650 0 |a Women's rights. 
650 0 |a Songs  |z France. 
655 0 |a Electronic books. 
830 0 |a Making of the modern world (Goldsmiths'-Kress Library of Economic Literature) 
856 4 0 |u http://proxy.library.tamu.edu/login?url=http://galenet.galegroup.com/servlet/MOME?af=RN&ae=U105938092&srchtp=a&ste=14&locID=txshracd2898  |z Connect to the full text of this electronic book  |t 0 
999 |a MARS 
999 f f |s e200866a-1426-364d-9855-ed16faa16fde  |i 4ea39851-92fd-35ce-a4a6-f105cdb88746  |t 0 
952 f f |a Texas A&M University  |b College Station  |c Electronic Resources  |d Available Online  |t 0  |h No information provided 
998 f f |t 0  |l Available Online